Click Asian Islands on the Map - Statistics

General Stats
  • This quiz has been taken 103 times
  • The average score is 14 of 16
Answers on the Map
Answers color-coded by a green-red scale on the quiz's map according to % correct below.
 
Answer Stats
Answer % Correct
Sri Lanka
98%
Cyprus
95%
Singapore
93%
Borneo
91%
Taiwan
91%
Bahrain
90%
Sumatra
89%
Mindanao
88%
Honshu
85%
Luzon
84%
Java
83%
Hainan
81%
Kyushu
80%
Hokkaido
78%
Sulawesi
76%
Shikoku
75%
No matching quizzes found
Score Distribution
Percent of People with Each Score
Percentile by Number Answered
Your Score History
You have not taken this quiz